| 000 | 00813nas a2200229 4500 | ||
|---|---|---|---|
| 005 | 20080925050328.0 | ||
| 008 | 750824c19479999nyuqr p 0 a0eng d | ||
| 010 | _aENG-92545 | ||
| 020 |
_c60.00 _a8177355600 |
||
| 035 | _aEN-76078 | ||
| 037 | _bDBAD / PUB | ||
| 040 |
_adpl _bEnglish |
||
| 082 | _a362.83 | ||
| 100 | _aGomathi, G. | ||
| 245 |
_aViolence against women / _cby G. Gomathi |
||
| 260 |
_aChennai _bPavai Publications _c2007 |
||
| 270 |
_a142, Jani Jan Khan Road, Royapettah, _bChennai _e600014 |
||
| 300 |
_a96p. _c20cm (pbk) |
||
| 650 |
_aWomen _xViolence against |
||
| 942 |
_2ddc _cEN _mGOM _h362.83 |
||
| 999 |
_c21081 _d21081 |
||